01666nam a2200217 a 450000100100000000500170001000800410002704000250006808200110009324502640010426000960036830000350046450400320049950505290053159000260106070000430108671000780112995201090120795201150131699900170143100004828220201002061037.0181212s2004 dr ad 000 0 spa d aDO-SdBNPbspacBNPHU axxbxx00aEstudio sobre el comercio fronterizo entre República Dominicana y la República de Haití :bpropuesta para la formalización y humanización del mercado binacional de República de Haití y República Dominicana /cdirector Eddy Martínez Manzueta. aSanto Domingo :bCentro de Exportación e Inversión de la República Dominicana,c[200. a204 p. :bil., retrs., gráf. aBibliografía : p. 203-204 aIntroducción --tInforme general de Haití --tPrincipales puertos --tComportamiento del comercio de Haití --tPrincipales productos comerciales --tExportaciones dominicanas hacia Haití, por puerto de salida --tLa frontera y sus condiciones generales --tAnálisis del mercado fronterizo --tCaraterísticas de la demanda --tOportunidades del Mercado haitiano --tCondiciones de accesoal mercado fronterizo --tResultados de encuesta aplicada en mercado binacional fronterizos --tConclusiones y recomendaciones aInventariado, 2019/VM aMartínez Manzueta, Eddyedir.9757092 aCentro de Exportación e Inversión de la República Dominicana975710 0010718PDaPDbPDcHDd2018-12-12iLF1l0oxx xxp48282-10r2020-06-25w2020-06-25yLFPDZNo se presta 0010718PDaPDbPDcHDd2019-04-01iLF1l0oxx xxp48282-20r2020-06-25te. 2w2020-06-25yLFPDZNo se presta c47770d47770